000 00591nam a22001695i 4500
001 169922
003 ES-MaACL
005 20230906214235.0
008 081222q1889 fr |||| | fre d
100 1 _aCarré, Michel.
_9138040
245 1 3 _aLa rose de Saint-Flour :
_bopérette-bouffe en un acte /
_cpar Michel Carré ; musique de J. Offenbach.
260 _aParis :
_bCalmann-Lévy,
_c[ca. 1889]
300 _a17 p. ;
_c19 cm.
650 4 _aÓperas-
_vLibretos.
_9137584
700 1 _aOffenbach, Jacques.
_986559
852 4 _aES-MaACL
_j2245-F-11
_z- Biblioteca Jacinto Martínez Lacalle
999 _c169922
_d169922